| 000 | 00790nam a22002057a 4500 | ||
|---|---|---|---|
| 999 |
_c5430 _d5430 |
||
| 003 | AR-CdUCM | ||
| 008 | 190312b ||||| |||| 00| 0 spa d | ||
| 040 |
_aMUNICIPALIDAD PROVINCIAL DEL CUSCO _cBIBLIOTECA MUNICIPAL DEL CUSCO |
||
| 082 |
_a305.4 / _bM93 |
||
| 110 |
_aCentro de investigaciones y estudios de la reforma agraria _916352 |
||
| 245 |
_aLa Mujer : _bEn las cooperativas agropecuarias en Nicaragua / |
||
| 260 |
_bCiera, _c1984. |
||
| 300 |
_a167 paginas ; _bIlustraciones, tablas, fotos, _c26cm. |
||
| 505 | _aContenido: El trabajo de la mujer en el agro -- Agraria y movimiento cooperativo -- cooperativas -- Gestios de las cooperativos... | ||
| 650 |
_aMujer _9143 |
||
| 650 |
_aCooperativas _94787 |
||
| 650 |
_aAutodefensa _916353 |
||
| 942 |
_2ddc _cLIBROS |
||
| 945 | _apjha | ||